000 00220 a2200097 4500
001 52579
100 _aWarring R H
245 _aSeals & Sealing Handbook
260 _aLondon
_bGulf Publishers
_c
090 _c33066
_d33066
942 _aNUST-CAE
_cM
_c25632
999 _c287652
_d287652